[Event "Titled Tuesday intern op 25th Feb Early"]
[Site "Chess.com INT"]
[Date "2025.02.25"]
[Round "10"]
[White "Galchenko, Matvey"]
[Black "Gil Alba, Hector Luis"]
[Result "1-0"]
[WhiteElo "2438"]
[BlackElo "2295"]
[PlyCount "69"]
[EventDate "2025.02.25"]
[EventType "swiss (blitz)"]
[EventRounds "11"]
[EventCountry "USA"]
[SourceTitle "CB10_2025"]
[SourceDate "2025.03.05"]
[SourceVersion "1"]
[SourceVersionDate "2025.03.05"]
[SourceQuality "1"]

1. b3 e5 2. Bb2 Nc6 3. c4 Nf6 4. Nf3 d6 5. d4 e4 6. d5 exf3 7. dxc6 bxc6 8. exf3 Be7 9. Bd3 0-0 10. 0-0 Nd7 11. Nc3 a5 12. Re1 Bf6 13. Qd2 Nc5 14. Bc2 g6 15. Rad1 Bg7 16. Ba3 Ne6 17. Ne4 a4 18. b4 Nd4 19. Bd3 Be6 20. Bb2 a3 21. Bc3 Re8 22. Bf1 Nf5 23. Bxg7 Kxg7 24. Qc3+ f6 25. g4 Nh4 26. g5 Rf8 27. Nxf6 Rxf6 28. Rd3 Bf5 29. Rde3 Kg8 30. gxf6 d5 31. Re7 d4 32. Qb3 Qf8 33. c5+ Kh8 34. f7 Qh6 35. Re8+ 1-0

[Event "Titled Tuesday intern op 25th Feb Early"]
[Site "Chess.com INT"]
[Date "2025.02.25"]
[Round "9"]
[White "Prokofyev, Valentyn"]
[Black "Galchenko, Matvey"]
[Result "1-0"]
[WhiteElo "2420"]
[BlackElo "2438"]
[PlyCount "69"]
[EventDate "2025.02.25"]
[EventType "swiss (blitz)"]
[EventRounds "11"]
[EventCountry "USA"]
[SourceTitle "CB10_2025"]
[SourceDate "2025.03.05"]
[SourceVersion "1"]
[SourceVersionDate "2025.03.05"]
[SourceQuality "1"]

1. Nf3 c5 2. c4 g6 3. d4 cxd4 4. Nxd4 Bg7 5. e4 Nc6 6. Be3 Nf6 7. Nc3 0-0 8. Be2 d6 9. 0-0 Nxd4 10. Bxd4 a5 11. h3 Bd7 12. Qc2 Bc6 13. Rad1 a4 14. c5 Qa5 15. cxd6 exd6 16. f4 Rfe8 17. Bf3 Rac8 18. Rfe1 Nd7 19. Bxg7 Kxg7 20. Qd2 Kg8 21. Qxd6 Qb6+ 22. Kh2 Qxb2 23. Nd5 Bxd5 24. exd5 Red8 25. Qe7 Qxa2 26. d6 Qb2 27. Bg4 Qb5 28. Rb1 Qc4 29. Bxd7 Qxf4+ 30. Kh1 Ra8 31. Rf1 Qc4 32. Rxf7 Rxd7 33. Rg7+ Kh8 34. Rxh7+ Kg8 35. Qxd7 1-0

[Event "Titled Tuesday intern op 25th Feb Early"]
[Site "Chess.com INT"]
[Date "2025.02.25"]
[Round "3"]
[White "Sharapov, Evgeny"]
[Black "Galchenko, Matvey"]
[Result "0-1"]
[WhiteElo "2375"]
[BlackElo "2438"]
[PlyCount "122"]
[EventDate "2025.02.25"]
[EventType "swiss (blitz)"]
[EventRounds "11"]
[EventCountry "USA"]
[SourceTitle "CB10_2025"]
[SourceDate "2025.03.05"]
[SourceVersion "1"]
[SourceVersionDate "2025.03.05"]
[SourceQuality "1"]

1. e4 e6 2. d4 d5 3. Nc3 Bb4 4. e5 Ne7 5. a3 Bxc3+ 6. bxc3 c5 7. Nf3 h6 8. a4 b6 9. a5 Ba6 10. axb6 axb6 11. Bxa6 Rxa6 12. Rxa6 Nxa6 13. 0-0 0-0 14. Qe2 Nb8 15. Ba3 Qc7 16. Rb1 Nd7 17. dxc5 bxc5 18. c4 Ra8 19. Bc1 d4 20. h3 Rb8 21. Ra1 Nc6 22. Bf4 Qb7 23. g4 Qb2 24. Rc1 Nf8 25. h4 Rd8 26. Ne1 Ng6 27. Qd2 Ngxe5 28. Bxh6 gxh6 29. Qxh6 d3 30. Nxd3 Nxd3 31. cxd3 Qg7 32. Qxg7+ Kxg7 33. Ra1 Rxd3 34. Ra6 Ne5 35. Ra5 Rd4 36. Rxc5 Rxg4+ 37. Kf1 Nxc4 38. h5 Rh4 39. Ke2 Nd6 40. Rc6 Nf5 41. Rc7 Rxh5 42. Kf3 Kf6 43. Kg4 Rh4+ 44. Kf3 Ra4 45. Rb7 Nd6 46. Rd7 Ke5 47. Kg2 f5 48. Rc7 Ne4 49. Re7 Ra2 50. Kg1 Rxf2 51. Ra7 Rd2 52. Ra5+ Kf4 53. Ra3 e5 54. Kh1 Kg4 55. Kg1 f4 56. Ra8 f3 57. Rg8+ Kf4 58. Rf8+ Ke3 59. Kh1 Rd1+ 60. Kh2 f2 61. Rf3+ Kxf3 0-1

[Event "Titled Tuesday intern op 25th Feb Early"]
[Site "Chess.com INT"]
[Date "2025.02.25"]
[Round "4"]
[White "Sindarov, Javokhir"]
[Black "Galchenko, Matvey"]
[Result "1-0"]
[WhiteElo "2700"]
[BlackElo "2438"]
[PlyCount "151"]
[EventDate "2025.02.25"]
[EventType "swiss (blitz)"]
[EventRounds "11"]
[EventCountry "USA"]
[SourceTitle "CB10_2025"]
[SourceDate "2025.03.05"]
[SourceVersion "1"]
[SourceVersionDate "2025.03.05"]
[SourceQuality "1"]

1. e4 e6 2. Nf3 d5 3. Nc3 d4 4. Ne2 c5 5. b4 b6 6. Bb2 Nf6 7. Ng3 h5 8. bxc5 bxc5 9. e5 Nd5 10. c3 dxc3 11. dxc3 Qa5 12. Qd2 Nc6 13. Bc4 Nb6 14. Be2 Ba6 15. 0-0 Rd8 16. Qc2 Bxe2 17. Qxe2 Be7 18. a4 c4 19. h4 Rd3 20. Rfd1 Rxd1+ 21. Rxd1 Qxa4 22. Bc1 Nd5 23. Ne4 Qb3 24. Bg5 0-0 25. Bxe7 Ncxe7 26. Nfg5 Nxc3 27. Nxc3 Qxc3 28. Qxh5 Qc2 29. Rd7 Qb1+ 30. Kh2 Qg6 31. Qg4 Qf5 32. Qh5 Nd5 33. Qf3 Qxe5+ 34. g3 Qf6 35. Qe4 Qxf2+ 36. Kh3 Nf6 37. Qb1 c3 38. Rc7 Qb2 39. Qd3 Qd2 40. Qxc3 Qxc3 41. Rxc3 a5 42. Rc7 Ra8 43. Rxf7 a4 44. Rb7 a3 45. Rb1 a2 46. Ra1 Nd5 47. Nxe6 Nb4 48. Nd4 Ra4 49. h5 Ra3 50. Kg2 Rd3 51. Nc6 Nxc6 52. Rxa2 Rd6 53. Kh3 Rf6 54. Ra5 Ne7 55. g4 Re6 56. Kh4 Kf7 57. Ra7 Re4 58. Kg5 Re5+ 59. Kf4 Rb5 60. g5 Ke6 61. Ra6+ Kf7 62. Ra7 Rf5+ 63. Kg4 Rc5 64. Kf4 Rc4+ 65. Ke5 Rg4 66. g6+ Ke8 67. Ra8+ Kd7 68. Ra7+ Kd8 69. Ke6 Re4+ 70. Kf7 Nf5 71. Ra5 Re7+ 72. Kf8 Nh6 73. Ra8+ Kd7 74. Ra7+ Ke6 75. Rxe7+ Kf6 76. Rxg7 1-0

[Event "Titled Tuesday intern op 25th Feb Early"]
[Site "Chess.com INT"]
[Date "2025.02.25"]
[Round "11"]
[White "Weishaeutel, Moritz"]
[Black "Galchenko, Matvey"]
[Result "0-1"]
[WhiteElo "2401"]
[BlackElo "2438"]
[PlyCount "62"]
[EventDate "2025.02.25"]
[EventType "swiss (blitz)"]
[EventRounds "11"]
[EventCountry "USA"]
[SourceTitle "CB10_2025"]
[SourceDate "2025.03.05"]
[SourceVersion "1"]
[SourceVersionDate "2025.03.05"]
[SourceQuality "1"]

1. e4 e6 2. d4 d5 3. e5 c5 4. c3 Qb6 5. Nf3 Nc6 6. Bd3 cxd4 7. cxd4 Bd7 8. 0-0 Nxd4 9. Nxd4 Qxd4 10. Nc3 a6 11. Qe2 Rc8 12. Kh1 Qh4 13. f4 Nh6 14. Bd2 Bc5 15. Be1 Qg4 16. Qd2 Nf5 17. Rf3 h5 18. Ne2 h4 19. h3 Qh5 20. Rc1 0-0 21. Bf2 Bxf2 22. Rxf2 Rxc1+ 23. Qxc1 Rc8 24. Qd2 Bb5 25. Bxb5 axb5 26. Kh2 Qg6 27. Rf3 Kh7 28. Rc3 Rc4 29. b3 Re4 30. Rc8 Ne3 31. Ng1 Nf1+ 0-1

[Event "Titled Tuesday intern op 11th Feb Early"]
[Site "Chess.com INT"]
[Date "2025.02.11"]
[Round "11"]
[White "Estrada Nieto, Julian"]
[Black "Galchenko, Matvey"]
[Result "0-1"]
[WhiteElo "2184"]
[BlackElo "2438"]
[PlyCount "132"]
[EventDate "2025.02.11"]
[EventType "swiss (blitz)"]
[EventRounds "11"]
[EventCountry "USA"]
[SourceTitle "CB09_2025"]
[SourceDate "2025.02.27"]
[SourceVersion "1"]
[SourceVersionDate "2025.02.27"]
[SourceQuality "1"]

1. e4 e6 2. d4 d5 3. Nd2 a6 4. Bd3 c5 5. dxc5 Nf6 6. Qe2 Bxc5 7. Ngf3 Nc6 8. 0-0 Qc7 9. exd5 Nxd5 10. Ne4 Be7 11. a3 Nf4 12. Bxf4 Qxf4 13. Rad1 0-0 14. Ng3 g6 15. Be4 Bf6 16. Bxc6 bxc6 17. c3 a5 18. Qe4 Qc7 19. h4 Rb8 20. Rd2 Rd8 21. Rfd1 Rxb2 22. Rxd8+ Bxd8 23. Ne5 Bf6 24. Ng4 Bg7 25. Qd3 h5 26. Qd8+ Qxd8 27. Rxd8+ Kh7 28. Rxc8 hxg4 29. Rxc6 Rb1+ 30. Kh2 Rb3 31. Rc7 f5 32. c4 Rxa3 33. h5 Rc3 34. c5 Kh6 35. hxg6 Kxg6 36. Rc6 Kg5 37. Rxe6 Rxc5 38. Ne2 Be5+ 39. g3 a4 40. Kg2 a3 41. Ra6 Rc2 42. Nf4 Bxf4 43. gxf4+ Kxf4 44. Rxa3 Rb2 45. Ra4+ Kg5 46. Ra7 Rb5 47. Rg7+ Kf6 48. Rg8 Rb3 49. Rf8+ Kg6 50. Rd8 Kg5 51. Rd5 Rb6 52. Ra5 Re6 53. Rc5 Kf4 54. Rc4+ Re4 55. Rc5 Re5 56. Rc4+ Kg5 57. Rc7 Re6 58. Rc8 f4 59. Rc5+ Kh4 60. Rc4 f3+ 61. Kh2 Re2 62. Kg1 Re1+ 63. Kh2 Rf1 64. Rc2 Ra1 65. Rb2 Re1 66. Rc2 Re2 0-1